Адаптивные изменения системы менеджмента качества организации; Неразрушающий контроль; Т. 1

Bibliografski detalji
Parent link:Неразрушающий контроль: сборник трудов VI Всероссийской научно-практической конференции "Неразрушающий контроль: электронное приборостроение, технологии, безопасность", Томск, 23-27 мая 2016 г./ Национальный исследовательский Томский политехнический университет (ТПУ).— , 2016
Т. 1.— 2016.— [5 с.]
Glavni autor: Яблокова С. А. София Александровна
Autor kompanije: Национальный исследовательский Томский политехнический университет (ТПУ) Институт неразрушающего контроля (ИНК) Кафедра физических методов и приборов контроля качества (ФМПК)
Daljnji autori: Редько Л. А. Людмила Анатольевна (научный руководитель)
Sažetak:Заглавие с титульного экрана
Jezik:ruski
Izdano: 2016
Serija:Современные системы и технологии в неразрушающем контроле
Teme:
Online pristup:http://earchive.tpu.ru/handle/11683/32698
Format: MixedMaterials Elektronički Poglavlje knjige
KOHA link:https://koha.lib.tpu.ru/cgi-bin/koha/opac-detail.pl?biblionumber=620630

MARC

LEADER 00000naa2a2200000 4500
001 620630
005 20231101133124.0
035 |a (RuTPU)RU\TPU\conf\19133 
035 |a RU\TPU\conf\19132 
090 |a 620630 
100 |a 20161006d2016 k y0rusy50 ca 
101 0 |a rus 
102 |a RU 
105 |a y z 101zy 
135 |a drcn ---uucaa 
181 0 |a i  
182 0 |a b 
200 1 |a Адаптивные изменения системы менеджмента качества организации  |f С. А. Яблокова  |g науч. рук. Л. А. Редько 
203 |a Текст  |c электронный 
225 1 |a Современные системы и технологии в неразрушающем контроле 
230 |a 1 компьютерный файл (pdf; 518 Kb) 
300 |a Заглавие с титульного экрана 
320 |a [Библиогр.: 3 назв.] 
461 1 |0 (RuTPU)RU\TPU\conf\19000  |t Неразрушающий контроль  |o сборник трудов VI Всероссийской научно-практической конференции "Неразрушающий контроль: электронное приборостроение, технологии, безопасность", Томск, 23-27 мая 2016 г.  |o в 3 т.  |f Национальный исследовательский Томский политехнический университет (ТПУ)  |d 2016 
463 1 |0 (RuTPU)RU\TPU\conf\19001  |t Т. 1  |v [5 с.]  |d 2016 
610 1 |a труды учёных ТПУ 
610 1 |a электронные ресурсы 
610 1 |a стандарты ИСО 
610 1 |a концепции 
610 1 |a управление знаниями 
610 1 |a алгоритмы 
610 1 |a ТПУ 
700 1 |a Яблокова  |b С. А.  |c специалист в области стандартизации и сертификации  |c ведущий эксперт Центра качества Томского политехнического университета  |f 1992-  |g София Александровна  |2 stltpush  |3 (RuTPU)RU\TPU\pers\47104 
702 1 |a Редько  |b Л. А.  |c специалист в области качества  |c доцент Томского политехнического университета, кандидат технических наук  |f 1978-  |g Людмила Анатольевна  |2 stltpush  |4 727 
712 0 2 |a Национальный исследовательский Томский политехнический университет (ТПУ)  |b Институт неразрушающего контроля (ИНК)  |b Кафедра физических методов и приборов контроля качества (ФМПК)  |h 68  |2 stltpush  |3 (RuTPU)RU\TPU\col\18709 
801 2 |a RU  |b 63413507  |c 20220221  |g RCR 
856 4 |u http://earchive.tpu.ru/handle/11683/32698 
942 |c BK